| 000 | 00694nam a2200229 i 4500 | ||
|---|---|---|---|
| 001 | bg | ||
| 245 | 7 | 0 |
_aDynamics of civil engineering structures / _ced. by Wilfried B. Krätzig, Hans-Jürgen Niemann. |
| 260 |
_aRotterdam ; _aBrookfield : _bA. A. Balkema, _c1996. |
||
| 300 |
_aXII, 630 s. : _bfot., rys., wykr. ; _c25 cm. |
||
| 504 | _aBibliogr. przy rozdz. | ||
| 650 | 9 |
_aKonstrukcje budowlane _xmechanika |
|
| 650 | 9 | _aDynamika | |
| 700 | 1 | _aKRÄTZIG, Wilfried B. | |
| 700 | 1 | _aNIEMANN, Hans Jürgen | |
| 020 | _a9054106247 | ||
| 040 | _cBPK | ||
| 041 | 0 | _aen | |
| 080 | _a624.01/.07:531.3 | ||
| 920 | _a90-5410-624-7 | ||
| 942 | _cKS | ||
| 008 | s pl f |000 0 pol | ||
| 999 |
_c30982 _d30982 |
||
| 856 |
_uhttp://koha.tu.koszalin.pl/cgi-bin/koha/opac-detail.pl?biblionumber=30982 _yKatalog online BPK |
||